Arcane Season 2 Soundtrack - Statistics

General Stats
  • This quiz has been taken 887 times
  • The average score is 14 of 22
Answer Stats
Artist Answer % Correct
Imagine Dragons, JID Enemy
90%
Twenty One Pilots The Line
84%
d4vd Remember Me
81%
Ashniko Paint The Town Blue
80%
Stromae, Pomme Ma Meilleure Ennemie
76%
Woodkid To Ashes and Blood
72%
Mike Shinoda, Emily Armstrong Heavy Is The Crown
71%
King Princess Fantastic
69%
Marcus King Sucker
69%
Eason Chan Isha’s Song
68%
Stray Kids, Young Miko, Tom Morello Come Play
67%
Royal & the Serpent Wasteland
66%
FEVER 333 Hellfire
59%
Raja Kumari, Stefflon Don, Jarina De Marco Renegade
56%
ZAND Cocktail Molotov
50%
d4vd Remember Me (Intro)
49%
Mako, Grey What Have They Done To Us
48%
Freya Ridings I Can’t Hear It Now
47%
Sheryl Lee Ralph Blood Sweat &Tears
46%
Arcane, League of Legends Spin The Wheel
46%
Misha Mansoor The Beast
46%
Djerv Rebel Heart
43%
No matching quizzes found
Score Distribution
Percent of People with Each Score
Percentile by Number Answered
Your Score History
You have not taken this quiz